| 000 | 01054nam0a22002651 4500 | ||
|---|---|---|---|
| 001 | rc\4573835 | ||
| 005 | 20250612122151.0 | ||
| 021 |
_aRU _b[61-17407] |
||
| 035 | _a(NLR Aleph) 008652988 | ||
| 090 |
_a9013868 _c9013868 |
||
| 100 | _a20130416d1961 |||y0rusy50 ca | ||
| 101 | 0 | _arus | |
| 102 | _aRU | ||
| 105 | _ah z ||||| | ||
| 200 | 1 |
_aМаски сорваны! _e[Сборник по материалам и документам, опублик. в советской печати] |
|
| 210 |
_aТаллин _cЭстгосиздат _d1961 |
||
| 215 |
_a168 с. _cфакс. _d20 |
||
| 300 | _aНа обороте тит. л. сост.: Антс Саар | ||
| 606 |
_aНемецко-фашистская оккупация в период Великой Отечественной войны 1941-1945 гг. _yЭстонская ССР _jДокументы и материалы _2psbo |
||
| 702 | 1 |
_aСаар _bА. _gАнтс _4220 |
|
| 801 | 0 |
_aRU _bNLR _gpsbo |
|
| 801 | 1 |
_aRU _bELAR _2rusmarc |
|
| 852 |
_aNLR _j61-3/1626 |
||
| 942 | _cBOOK | ||
| 980 | _aNB | ||